000 00791nam a2200289Ia 4500
005 20260324115420.0
008 008 260324s9999 xx 000 0 eng d
020 _a9780429469503
037 _aEBOOK
040 _aCRL
040 _beng
040 _cCRL
041 _2eng
041 _aeng
084 _qCRL
100 _aDongxing Wang
_91154572
245 0 _aElectronic Engineering
245 0 _bProceedings of the 4th International Conference of Electronic Engineering and Information Science (ICEEIS 2017), January 7-8, 2017, Haikou, P.R. China
260 _bTaylor and Francis
260 _c2018
365 _a
365 _b435
856 _uhttp://www.taylorfrancis.com/books/9780429469503
942 _cEBOOK
999 _c1745442
_d1745442